000 00640nam a2200241Ia 4500
008 180523s9999 xx 000 0 und d
020 _a978-621-95080-5-6
050 _aFIL TX 951
050 _b.S54 2015
100 _aSiggaoat, Janine P.
245 0 _aPractice tests in bartending :
245 0 _bfrom coffee to alcoholic drinks /
245 0 _cJanine P. Siggaoat.
260 _aPhilippines :
260 _bJFS Publishing,
260 _c2015
300 _a325 pages :
300 _billustrations ;
300 _c26 cm.
500 _aIncludes bibliographical references.
650 _aBartending.
650 _xCocktails.
999 _c357871
_d357871